[Event "Westland (SEMO Res/4/35)"]
[Site "?"]
[Date "1985.??.??"]
[Round "?"]
[White "Keeley, G.."]
[Black "Downing, J.."]
[Result "1-0"]
[WhiteElo "1605"]
[BlackElo "1605"]
[PlyCount "97"]
[EventDate "1985.??.??"]

{4/(35)} 1. e4 e5 2. Nf3 Nc6 3. Bb5 a6 4. Ba4 Nf6 5. O-O Nxe4 6. d4 exd4 7. Re1
Qe7 8. Ng5 f5 9. f3 b5 10. Bb3 h6 11. Nxe4 fxe4 12. Rxe4 Ne5 13. Bf4 d6 14. Bd5
c6 15. Bxc6+ Bd7 16. Bxa8 Bf5 17. Re1 g5 18. Bxe5 dxe5 19. f4 Bg7 20. fxe5 O-O
21. Bd5+ Kh7 22. Qxd4 Re8 23. Qf2 Kg6 24. Qb6+ Kh7 25. Nd2 Bxe5 26. Bc6 Qd6 27.
Nf3 g4 28. Nxe5 Rxe5 29. Qb7+ Kg6 30. Rxe5 Qxe5 31. Qxa6 Qxb2 32. Re1 h5 33.
Be8+ Kg5 34. Qd6 Qxc2 35. g3 Be4 36. Qe7+ Kh6 37. Qxe4 Qxe4 38. Rxe4 Kg5 39.
Bxb5 Kf5 40. Re8 Kg5 41. a4 Kf6 42. a5 Kg5 43. a6 h4 44. a7 hxg3 45. hxg3 Kh5
46. a8=Q Kg5 47. Qe4 Kf6 48. Re6+ Kg5 49. Rg6+ 1-0

[Event "Westland (MEX/4)"]
[Site "?"]
[Date "1985.??.??"]
[Round "?"]
[White "Karklins, A.."]
[Black "Lindsay, F.."]
[Result "1/2-1/2"]
[WhiteElo "2340"]
[BlackElo "2330"]
[PlyCount "51"]
[EventDate "1985.??.??"]

1. e4 e6 2. d4 d5 3. Nc3 Bb4 4. exd5 exd5 5. Bd3 Nc6 6. a3 Bxc3+ 7. bxc3 Nge7
8. Qf3 O-O 9. Ne2 Na5 10. O-O Qd7 11. Nf4 c6 12. a4 Nc4 13. Bxc4 dxc4 14. Qe2
Nd5 15. Qxc4 Nxf4 16. Bxf4 Qf5 17. Bd6 Rd8 18. Bc7 Be6 19. Qb4 Rd7 20. Qxb7 Rf8
21. Rfe1 Qg5 22. Rxe6 fxe6 23. Qxc6 Qd5 24. Qxd5 exd5 25. Ba5 Rdf7 26. Bb4
1/2-1/2

[Event "Westland (MEX/2)"]
[Site "?"]
[Date "1985.??.??"]
[Round "?"]
[White "Karklins, A.."]
[Black "Carroll, Deuvoy"]
[Result "1-0"]
[WhiteElo "2340"]
[BlackElo "2120"]
[PlyCount "47"]
[EventDate "1985.??.??"]

1. e4 d5 2. exd5 Qxd5 3. Nc3 Qa5 4. d4 c6 5. Bf4 Nf6 6. Nf3 Bg4 7. Be2 e6 8.
O-O Bb4 9. Ne5 Bf5 10. a3 Bxc3 11. Nc4 Qd5 12. Nd6+ Ke7 13. bxc3 b6 14. a4 Ne4
15. Bf3 Nxc3 16. Qe1 Qa5 17. Nc4 Ne2+ 18. Qxe2 Qc3 19. Ne3 Bg6 20. d5 Re8 21.
dxc6 Kf8 22. c7 Nc6 23. Bd6+ Kg8 24. Ra3 1-0

[Event "East Lansing (MI Op/3/33)"]
[Site "?"]
[Date "1985.??.??"]
[Round "?"]
[White "Jordan, Willie"]
[Black "Harrold, Alvin"]
[Result "0-1"]
[WhiteElo "1780"]
[BlackElo "1830"]
[PlyCount "80"]
[EventDate "1985.??.??"]

{3/(33)} 1. e4 e6 2. Bc4 d5 3. exd5 exd5 4. Bb3 Nf6 5. Ne2 Bd6 6. d4 Bg4 7.
Nbc3 c6 8. Bg5 O-O 9. Qd2 Bb4 10. f3 Bf5 11. g4 Bg6 12. h4 h5 13. O-O-O Be7 14.
Nf4 hxg4 15. Nxg6 fxg6 16. Rdf1 g3 17. Ne4 Nh5 18. f4 Rf7 19. Rhg1 Bxg5 20.
Nxg5 Re7 21. f5 Qe8 22. Re1 gxf5 23. Rxe7 Qxe7 24. Re1 Qd7 25. c4 Na6 26. cxd5
cxd5 27. Re5 Rc8+ 28. Kb1 Nc7 29. Bc2 g6 30. Bd1 Re8 31. Bxh5 gxh5 32. Nf3 Rxe5
33. Nxe5 Qg7 34. Nf3 Ne6 35. Qe2 Kf7 36. Qb5 g2 37. Qd7+ Kf6 38. Qxd5 g1=Q+ 39.
Kc2 Q7g2+ 40. Kb3 Qxf3+ 0-1

[Event "East Lansing (MI Op/1b/14)"]
[Site "?"]
[Date "1985.??.??"]
[Round "?"]
[White "Jordan, Willie"]
[Black "Forte, Joe"]
[Result "0-1"]
[WhiteElo "1780"]
[BlackElo "2035"]
[PlyCount "66"]
[EventDate "1985.??.??"]

1. e4 c5 2. Nf3 Nc6 3. d4 cxd4 4. Nxd4 g6 5. Nc3 Bg7 6. Be3 Nf6 7. f3 d6 8. Qd2
Bd7 9. Bc4 Rc8 10. Bb3 a5 11. Na4 Nxd4 12. Bxd4 Rc6 13. Qe3 b5 14. Nb6 a4 15.
Nxa4 bxa4 16. Bxa4 Qa5+ 17. c3 Qxa4 18. O-O O-O 19. b3 Qa8 20. a4 e5 21. Bb6
Be6 22. b4 Qb7 23. a5 Bc4 24. Rfb1 Nd7 25. b5 Rxb6 26. axb6 Qxb6 27. Qxb6 Nxb6
28. Ra6 Bh6 29. Kf2 Rb8 30. g3 Bd2 31. Rd1 Bxc3 32. Rxd6 Bxb5 33. Ra7 Nc4 0-1

[Event "East Lansing (MI Op/4/20)"]
[Site "?"]
[Date "1985.??.??"]
[Round "?"]
[White "Johnson, Ri"]
[Black "Richburg, J.."]
[Result "1-0"]
[WhiteElo "1925"]
[BlackElo "1650"]
[PlyCount "83"]
[EventDate "1985.??.??"]

{4/(20)} 1. e4 d5 2. exd5 Nf6 3. Bb5+ Bd7 4. Bc4 Bg4 5. f3 Bc8 6. Nc3 Nbd7 7.
d4 Nb6 8. Bb3 Nbxd5 9. Nge2 e6 10. O-O Be7 11. Kh1 O-O 12. Ne4 Bd7 13. a3 Bc6
14. c4 Nb6 15. N2c3 a6 16. Be3 Nc8 17. Qd3 Nd6 18. Bc2 g6 19. Rad1 Nf5 20. Bf2
Qc8 21. Qe2 Re8 22. g4 Nd6 23. Kg1 b6 24. Rfe1 Qb7 25. Bg3 Rad8 26. Be5 Nd7 27.
Bxd6 cxd6 28. d5 exd5 29. cxd5 Bb5 30. Nxb5 axb5 31. Qxb5 Ne5 32. Kg2 Rc8 33.
Nd2 Red8 34. Be4 Bg5 35. Qb4 Bf4 36. Bf5 gxf5 37. Qxf4 Ng6 38. Qg5 fxg4 39. Ne4
gxf3+ 40. Kh1 Kf8 41. Qh6+ Ke8 42. Nc5+ 1-0

[Event "East Lansing (MI Op/5/13)"]
[Site "?"]
[Date "1985.??.??"]
[Round "?"]
[White "Johnson, Ri"]
[Black "Norcross, John"]
[Result "0-1"]
[WhiteElo "1925"]
[BlackElo "2065"]
[PlyCount "42"]
[EventDate "1985.??.??"]

{5/(13)} 1. e4 e5 2. Nf3 Nc6 3. Bb5 f5 4. Nc3 Nf6 5. O-O fxe4 6. Bxc6 dxc6 7.
Ne1 Bg4 8. Ne2 Bc5 9. b4 Bxb4 10. Rb1 Qd6 11. h3 Bh5 12. g4 Bg6 13. Ng2 O-O-O
14. c3 Bc5 15. Qb3 Bb6 16. Ne3 Qd3 17. Ng3 Nd5 18. Nxd5 Qxg3+ 19. Kh1 Qxh3+ 20.
Kg1 Qxg4+ 21. Kh2 Qh4+ 0-1

[Event "East Lansing (MI Op/2/30)"]
[Site "?"]
[Date "1985.??.??"]
[Round "?"]
[White "Johnson, Ri"]
[Black "Jordan, Willie"]
[Result "1-0"]
[WhiteElo "1925"]
[BlackElo "1780"]
[PlyCount "99"]
[EventDate "1985.??.??"]

{2/(30)} 1. e4 Nf6 2. Nc3 e5 3. Nf3 Nc6 4. Bb5 d6 5. d3 h6 6. Ne2 Bg4 7. Ng3
Be7 8. h3 Bd7 9. c3 O-O 10. O-O Re8 11. Be3 Bf8 12. Qd2 d5 13. Rad1 Re6 14. Ba4
dxe4 15. dxe4 Rd6 16. Qe2 Qe8 17. Bc2 Rd8 18. Rxd6 cxd6 19. Rd1 a6 20. Nh4 Be6
21. b3 Kh7 22. f4 Bc8 23. Rf1 g6 24. Bb6 Rd7 25. Qf3 Bg7 26. Be3 d5 27. Re1
dxe4 28. Nxe4 exf4 29. Bxf4 Nxe4 30. Rxe4 Re7 31. Bd2 b5 32. Rf4 Bb7 33. Qg3
Kg8 34. Nf3 Ne5 35. Nd4 Nd7 36. Rh4 Bxd4+ 37. Rxd4 Re2 38. Qd3 Rxg2+ 39. Kf1
Qe7 40. Bxh6 Qf6+ 41. Rf4 Qe6 42. Rf2 Rxf2+ 43. Kxf2 Qf6+ 44. Kg3 Ne5 45. Qe3
Nf3 46. Be4 Bxe4 47. Qxe4 Ne5 48. Bf4 Nc6 49. Qf3 Kg7 50. Bh6+ 1-0

[Event "East Lansing (MI Op/7/12)"]
[Site "?"]
[Date "1985.??.??"]
[Round "?"]
[White "Johnson, Ri"]
[Black "Bagherabadi, Mohammed"]
[Result "0-1"]
[WhiteElo "1925"]
[BlackElo "2085"]
[PlyCount "58"]
[EventDate "1985.??.??"]

{7/(12)} 1. c4 e5 2. Nc3 Nf6 3. g3 d5 4. cxd5 Nxd5 5. Bg2 Nb6 6. Nf3 Nc6 7. d3
Be7 8. O-O Be6 9. a4 a5 10. Be3 O-O 11. Rc1 f5 12. Nb5 Bf6 13. Bxb6 cxb6 14.
Nd2 Qd7 15. Nc4 Rad8 16. Nxb6 Qf7 17. Qe1 f4 18. Nc3 Qh5 19. Ne4 Nd4 20. f3 Be7
21. Qf2 Qh6 22. Nc4 Rc8 23. gxf4 Bh4 24. Qe3 Nf5 25. Qd2 exf4 26. Nf2 Ne3 27.
Ng4 Bxg4 28. fxg4 Nxg2 29. Kxg2 Rxc4 0-1

[Event "Westland (SEMO Res/1a/13)"]
[Site "?"]
[Date "1985.??.??"]
[Round "?"]
[White "Johnson, Kirk"]
[Black "Keeley, G.."]
[Result "1-0"]
[WhiteElo "1685"]
[BlackElo "1605"]
[PlyCount "91"]
[EventDate "1985.??.??"]

1. e4 e5 2. f4 d6 3. Nf3 Bg4 4. fxe5 dxe5 5. Be2 Bd6 6. d3 Bxf3 7. Bxf3 Nf6 8.
Bg5 h6 9. Bh4 Nc6 10. c3 g5 11. Bf2 Qe7 12. Nd2 Bc5 13. Bxc5 Qxc5 14. Nb3 Qd6
15. Qc2 g4 16. Be2 O-O-O 17. O-O-O h5 18. Rhf1 Rh6 19. Rf2 Qe7 20. Rdf1 Rd6 21.
Nd2 Na5 22. b4 Nc6 23. Nc4 Rd7 24. Ne3 Qd8 25. Nf5 Rg6 26. g3 a6 27. Qb3 Kb8
28. Kc2 Nxe4 29. dxe4 Rd2+ 30. Kb1 Na5 31. bxa5 Rc6 32. Rd1 Rxd1+ 33. Qxd1 Qf8
34. Qb3 Qc5 35. Rf1 Qxa5 36. Kc2 Rb6 37. Qc4 Rc6 38. Qb3 Rb6 39. Qxf7 Rc6 40.
Qb3 Rb6 41. Qg8+ Ka7 42. Bc4 Qa3 43. Bb3 Rc6 44. Ne3 Qb4 45. Nc4 b5 46. cxb4
1-0

[Event "Westland (SEMO Res/3/22)"]
[Site "?"]
[Date "1985.??.??"]
[Round "?"]
[White "Johnson, K.."]
[Black "Sanborn, Richard"]
[Result "1-0"]
[WhiteElo "1685"]
[BlackElo "1765"]
[PlyCount "131"]
[EventDate "1985.??.??"]

{3/(22)} 1. e4 c5 2. d3 Nc6 3. f4 e6 4. Nf3 d5 5. Nc3 d4 6. Nb1 Nge7 7. Nbd2
Ng6 8. Nc4 Qc7 9. g3 b5 10. Ncd2 Be7 11. Bg2 O-O 12. Nb3 Bb7 13. f5 exf5 14.
exf5 Nge5 15. Bf4 f6 16. O-O Rfe8 17. Qd2 Bd6 18. Nxe5 Nxe5 19. Bxb7 Qxb7 20.
Bxe5 Rxe5 21. Rae1 Rae8 22. Rxe5 Rxe5 23. Rf4 Qe7 24. Kf2 Qd7 25. g4 Qc6 26.
Kg1 Qe8 27. Kf2 h5 28. h3 h4 29. Nc1 Re3 30. Rf3 Qe5 31. Rxe3 Qh2+ 32. Ke1 Qg1+
33. Ke2 Qg2+ 34. Kd1 Qh1+ 35. Qe1 Qg2 36. Re8+ Bf8 37. Qe6+ Kh7 38. Rxf8 Qf1+
39. Qe1 Qxh3 40. Ne2 c4 41. dxc4 bxc4 42. Nxd4 Qxg4+ 43. Ne2 c3 44. Qxc3 Qg2
45. Qe1 Qd5+ 46. Kc1 Qe4 47. Rd8 Qe3+ 48. Kb1 Qg5 49. Rd4 Qxf5 50. Qxh4+ Kg8
51. Rd8+ Kf7 52. Qc4+ Kg6 53. Qd3 Qxd3 54. Nf4+ Kf5 55. Nxd3 g5 56. Kc1 Kg4 57.
Kd1 f5 58. Ke1 Kg3 59. Rg8 g4 60. Rf8 a5 61. Rxf5 a4 62. Nf2 a3 63. b4 Kh4 64.
Rf4 Kg3 65. Rxg4+ Kh2 66. Nd3 1-0

[Event "Westland (SEMO Res/4/19)"]
[Site "?"]
[Date "1985.??.??"]
[Round "?"]
[White "Johnson, K.."]
[Black "Corbeill, Joe"]
[Result "0-1"]
[WhiteElo "1685"]
[BlackElo "1705"]
[PlyCount "72"]
[EventDate "1985.??.??"]

{4/(19)} 1. e4 c5 2. d3 g6 3. f4 Bg7 4. Nf3 Nc6 5. c3 d6 6. Be3 Nf6 7. Be2 O-O
8. O-O Bd7 9. Nbd2 Ng4 10. Bf2 Bh6 11. Ng5 Nxf2 12. Rxf2 e5 13. Nh3 Bxh3 14.
gxh3 Bxf4 15. Rg2 Kh8 16. Nf3 f5 17. exf5 Rxf5 18. Qb3 Qe7 19. Re1 Raf8 20. Bd1
Nd8 21. d4 Nf7 22. Bc2 Rh5 23. h4 g5 24. Bd1 Rh6 25. hxg5 Nxg5 26. Nxg5 Bxg5
27. dxe5 dxe5 28. Bg4 Rd6 29. Rge2 Bf4 30. Rd1 Rg6 31. Rg2 Rfg8 32. h3 h5 33.
Rd7 Qh4 34. Qd1 hxg4 35. Qd3 Qe1+ 36. Qf1 Be3+ 0-1

[Event "East Detroit (MCO/2/15)"]
[Site "?"]
[Date "1985.??.??"]
[Round "?"]
[White "Jarosz, Stan"]
[Black "Riseman, J.."]
[Result "1-0"]
[WhiteElo "2030"]
[BlackElo "1740"]
[PlyCount "55"]
[EventDate "1985.??.??"]

{2/(15)} 1. e4 e6 2. d4 d5 3. Nc3 Nf6 4. Bg5 Be7 5. e5 Nfd7 6. Bxe7 Qxe7 7. Qd2
c5 8. Nb5 Na6 9. Nd6+ Kf8 10. c3 Nc7 11. f4 Ne8 12. Nxe8 Kxe8 13. Nf3 f6 14.
Bd3 Nf8 15. O-O Bd7 16. exf6 Qxf6 17. dxc5 Rc8 18. b4 Kd8 19. Ne5 Kc7 20. c4
Ng6 21. Bxg6 hxg6 22. cxd5 Bb5 23. d6+ Kb8 24. Rfe1 Rxh2 25. Kxh2 Rh8+ 26. Kg1
Qh4 27. Nf3 Qf6 28. Qd4 1-0

[Event "East Detroit (MCO/4/15)"]
[Site "?"]
[Date "1985.??.??"]
[Round "?"]
[White "Jarosz, Stan"]
[Black "Mason, A.."]
[Result "1-0"]
[WhiteElo "2030"]
[BlackElo "1780"]
[PlyCount "61"]
[EventDate "1985.??.??"]

{4/(15)} 1. e4 c6 2. d4 d5 3. exd5 cxd5 4. Bd3 Nc6 5. c3 Nf6 6. Bf4 e6 7. Nd2
Bd6 8. Bxd6 Qxd6 9. Ngf3 O-O 10. O-O a6 11. a4 Bd7 12. Re1 Qc7 13. Ne5 Kh8 14.
Ndf3 Nxe5 15. dxe5 Ng8 16. Ng5 g6 17. Re3 h6 18. Nh3 Kg7 19. Nf4 Ne7 20. Qg4
Rh8 21. Nh5+ Kf8 22. Nf6 Ng8 23. Nxd7+ Qxd7 24. Bxg6 fxg6 25. Qxg6 Rh7 26. Rae1
Re8 27. Rf3+ Rf7 28. Ree3 Ree7 29. Rg3 Rg7 30. Ref3+ Ref7 31. Qxg7+ 1-0

[Event "East Lansing (MI Op/4/8)"]
[Site "?"]
[Date "1985.??.??"]
[Round "?"]
[White "Jarosz, Stan"]
[Black "Marfia, J.."]
[Result "0-1"]
[WhiteElo "2035"]
[BlackElo "2140"]
[PlyCount "68"]
[EventDate "1985.??.??"]

{4/(8)} 1. d4 Nf6 2. c4 c5 3. Nf3 g6 4. Nc3 cxd4 5. Nxd4 Nc6 6. e4 d6 7. Be2
Bg7 8. Be3 O-O 9. O-O Bd7 10. Qd2 a5 11. a4 Ne5 12. h3 Rc8 13. b3 Bc6 14. f4
Ned7 15. Nxc6 bxc6 16. Bf3 Qc7 17. Rab1 Rb8 18. Qf2 Rb7 19. g4 Nxg4 20. hxg4
Bxc3 21. Qh4 Rfb8 22. Bd1 Qd8 23. Kg2 e5 24. g5 exf4 25. Bxf4 Be5 26. Rh1 Nf8
27. Bc2 Bxf4 28. Qxf4 Ne6 29. Qh4 Nxg5 30. Qh6 Qe7 31. Rbf1 Qe5 32. Rh5 f6 33.
Rxf6 Qxf6 34. Rxg5 Rf8 0-1

[Event "Westland (SEMO/4/5)"]
[Site "?"]
[Date "1985.??.??"]
[Round "?"]
[White "Jarosz, Stan"]
[Black "Linn, Peter"]
[Result "0-1"]
[WhiteElo "2030"]
[BlackElo "2220"]
[PlyCount "78"]
[EventDate "1985.??.??"]

{4/(5)} 1. d4 e6 2. e4 d5 3. Nc3 Bb4 4. e5 c5 5. a3 Bxc3+ 6. bxc3 Ne7 7. Nf3
Bd7 8. a4 Nbc6 9. Bd3 Qa5 10. O-O c4 11. Be2 f6 12. Re1 O-O-O 13. Bf1 f5 14.
Ba3 h6 15. Qd2 g5 16. Reb1 Ng6 17. Rb5 Qa6 18. Qc1 Nb8 19. Qb2 b6 20. Rb4 Bxa4
21. Rxa4 Qxa4 22. Be7 Qd7 23. Bxd8 Kxd8 24. Nd2 Nc6 25. Nb1 Nge7 26. Na3 Na5
27. Nb5 Nec6 28. Nd6 Rh7 29. Qc1 Nb7 30. Nxb7+ Qxb7 31. Be2 Qe7 32. Bh5 Rg7 33.
g4 f4 34. Qb2 Qf8 35. Qb5 Rc7 36. Qa6 Qe7 37. Qb5 Qh7 38. Rxa7 Rxa7 39. Qxc6
Ra1+ 0-1

[Event "Westland (SEMO/2/4)"]
[Site "?"]
[Date "1985.??.??"]
[Round "?"]
[White "Jarosz, Stan"]
[Black "Lindsay, F.."]
[Result "0-1"]
[WhiteElo "2030"]
[BlackElo "2325"]
[PlyCount "44"]
[EventDate "1985.??.??"]

{2/(4)} 1. d4 f5 2. e4 fxe4 3. Nc3 Nf6 4. f3 exf3 5. Nxf3 g6 6. Bg5 Bg7 7. Bc4
c6 8. d5 Qa5 9. O-O Qc5+ 10. Qd4 Qxd4+ 11. Nxd4 cxd5 12. Ndb5 dxc4 13. Nc7+ Kd8
14. Nxa8 b6 15. Nb5 Bb7 16. Nbc7 Nc6 17. Rad1 Kc8 18. Rf4 Bxa8 19. Nxa8 d6 20.
Rxc4 Kb7 21. Nxb6 axb6 22. Rd3 Ne5 0-1

[Event "East Lansing (MI Op/2/7)"]
[Site "?"]
[Date "1985.??.??"]
[Round "?"]
[White "Jarosz, Stan"]
[Black "Laren, Philip"]
[Result "0-1"]
[WhiteElo "2030"]
[BlackElo "2150"]
[PlyCount "152"]
[EventDate "1985.??.??"]

{2/(7)} 1. d4 Nf6 2. c4 e6 3. Nf3 d5 4. Nc3 c5 5. cxd5 Nxd5 6. e3 Nc6 7. Bd3
Be7 8. O-O O-O 9. a3 cxd4 10. exd4 Bf6 11. Bc2 Nxc3 12. bxc3 b6 13. Qd3 g6 14.
Bh6 Bg7 15. Qe3 Bb7 16. h4 Rc8 17. h5 Qd5 18. Bxg7 Kxg7 19. h6+ Kg8 20. Qf4 f6
21. Rfe1 Nd8 22. Be4 Qd7 23. Rac1 Bxe4 24. Rxe4 Qd5 25. c4 Rxc4 26. Rxc4 Qxc4
27. Qd6 Qc1+ 28. Re1 Qxh6 29. d5 e5 30. Qc7 Qg7 31. Rc1 Qxc7 32. Rxc7 Nf7 33.
Rxa7 Rd8 34. Rb7 Rxd5 35. Rxb6 Rd1+ 36. Kh2 Kg7 37. Rb7 e4 38. Ng1 f5 39. a4
Ra1 40. Ra7 Kf6 41. a5 Ne5 42. Nh3 Ng4+ 43. Kg3 h5 44. Ra6+ Kg7 45. Kf4 Kh6 46.
f3 exf3 47. gxf3 Ra4+ 48. Kg3 Ne5 49. Re6 h4+ 50. Kg2 Ra2+ 51. Kf1 Rxa5 52. Nf4
Kg7 53. Kg2 Kf7 54. Rb6 Ra2+ 55. Kf1 g5 56. Nh5 f4 57. Rf6+ Ke7 58. Rf5 Nxf3
59. Nxf4 gxf4 60. Rxf4 Ra3 61. Kf2 h3 62. Rxf3 h2 63. Rxa3 h1=Q 64. Rf3 Ke6 65.
Re3+ Kd5 66. Rf3 Qh4+ 67. Ke2 Qg4 68. Kf2 Ke4 69. Rg3 Qd1 70. Re3+ Kf4 71. Re2
Qd4+ 72. Kg2 Kg4 73. Rf2 Qe3 74. Kf1 Qb6 75. Kg2 Qc5 76. Kf1 Kg3 0-1

[Event "East Lansing (MI Op/6/20)"]
[Site "?"]
[Date "1985.??.??"]
[Round "?"]
[White "Jarosz, Stan"]
[Black "Halstead, Kevin"]
[Result "1/2-1/2"]
[WhiteElo "2035"]
[BlackElo "1825"]
[PlyCount "127"]
[EventDate "1985.??.??"]

{6/(20)} 1. e4 e5 2. Nf3 Nc6 3. Bb5 a6 4. Ba4 Nf6 5. O-O d6 6. Re1 b5 7. Bb3
Na5 8. d4 Nxb3 9. axb3 exd4 10. Nxd4 Bd7 11. Nc3 Be7 12. Nf5 Bxf5 13. exf5 O-O
14. g4 Re8 15. Re3 Nd7 16. Rh3 Bf6 17. g5 Bxg5 18. Qh5 h6 19. Bxg5 Qxg5+ 20.
Qxg5 hxg5 21. Nd5 Ra7 22. Nb4 Nc5 23. Nc6 Raa8 24. b4 Ne4 25. Rha3 Nf6 26. Kf1
Re4 27. b3 Nd5 28. Rxa6 Rxa6 29. Rxa6 Nxb4 30. Nxb4 Rxb4 31. Rc6 Rf4 32. Rxc7
Rxf5 33. Rc6 Rd5 34. c4 bxc4 35. bxc4 Rc5 36. Rxd6 Rxc4 37. Rd5 f6 38. Rd7 Kh7
39. Kg2 g4 40. Kg3 Kh6 41. h3 gxh3 42. Kxh3 g6 43. Kg3 Kg5 44. Rd5+ f5 45. f3
Rc6 46. Rd4 Kf6 47. f4 g5 48. fxg5+ Kxg5 49. Kf3 Rc3+ 50. Kf2 f4 51. Ra4 Kg4
52. Ra2 Rh3 53. Ra4 Rh2+ 54. Kg1 Rb2 55. Ra3 Re2 56. Kf1 Rb2 57. Rc3 Rb1+ 58.
Kf2 Rb2+ 59. Kf1 Rh2 60. Ra3 Rc2 61. Rb3 Rc1+ 62. Kf2 Rc2+ 63. Kf1 f3 64. Rb8
1/2-1/2

[Event "Westland (MEX/2)"]
[Site "?"]
[Date "1985.??.??"]
[Round "?"]
[White "Jarosz, Stan"]
[Black "Finegold, Ron"]
[Result "0-1"]
[WhiteElo "2030"]
[BlackElo "2095"]
[PlyCount "98"]
[EventDate "1985.??.??"]

1. d4 e6 2. g3 d5 3. c4 dxc4 4. Bg2 c5 5. Nf3 Nc6 6. Qa4 Qa5+ 7. Qxa5 Nxa5 8.
O-O Bd7 9. dxc5 Bxc5 10. Ne5 Rc8 11. Nxd7 Kxd7 12. Bd2 Nc6 13. Bc3 Nf6 14. a4
Ke7 15. e3 Rhd8 16. Nd2 Kf8 17. Nxc4 Nd5 18. Rac1 Be7 19. Rfd1 Rc7 20. Be1 Rcd7
21. Na5 Nxa5 22. Bxa5 b6 23. Be1 g6 24. Bf1 Rc7 25. Rxc7 Nxc7 26. Rxd8+ Bxd8
27. Bc3 Nd5 28. Bd4 Bf6 29. Bxf6 Nxf6 30. Kg2 Ke7 31. Kf3 g5 32. Bd3 h6 33. Ke2
e5 34. h3 Nd7 35. Kd2 Kd6 36. Kc3 Nf8 37. Kb4 Ne6 38. Bc4 Nc5 39. a5 Ne4 40.
axb6 axb6 41. f4 f6 42. fxg5 fxg5 43. Kb5 Kc7 44. Bd3 Nxg3 45. Kc4 Kd6 46. Kb5
e4 47. Bb1 h5 48. Bc2 g4 49. hxg4 h4 0-1

[Event "East Detroit (MCO/6/14)"]
[Site "?"]
[Date "1985.??.??"]
[Round "?"]
[White "Jarosz, Stan"]
[Black "Bates, T.."]
[Result "1-0"]
[WhiteElo "2030"]
[BlackElo "1625"]
[PlyCount "115"]
[EventDate "1985.??.??"]

{6/(14)} 1. e4 e5 2. Nf3 Nc6 3. Bb5 a6 4. Ba4 Nf6 5. O-O Be7 6. Re1 b5 7. Bb3
O-O 8. c3 d6 9. h3 Na5 10. Bc2 c5 11. d4 Qc7 12. Nbd2 Bd7 13. dxe5 dxe5 14. Nh2
Nc6 15. Ndf1 Rfe8 16. Qf3 h6 17. Ne3 Nh7 18. Nd5 Qd8 19. Nxe7+ Qxe7 20. Nf1 Qf6
21. Qe2 Qg6 22. Ng3 Rad8 23. Be3 c4 24. Rad1 Be6 25. Rxd8 Rxd8 26. Rd1 Qf6 27.
Rd2 Qe7 28. Qd1 Nf6 29. Rxd8+ Qxd8 30. Qxd8+ Nxd8 31. Nf5 Bxf5 32. exf5 Nc6 33.
Kf1 Kf8 34. Ke2 Ke7 35. Bc5+ Kd7 36. Bf8 Ne8 37. f6 Nxf6 38. Bxg7 Ke6 39. Bxh6
b4 40. f3 Nd5 41. Be4 bxc3 42. Bxd5+ Kxd5 43. bxc3 e4 44. Bg7 a5 45. h4 Ne5 46.
fxe4+ Kxe4 47. Bxe5 Kxe5 48. Ke3 f5 49. g3 Kf6 50. Kf4 Kg6 51. h5+ Kxh5 52.
Kxf5 a4 53. a3 Kh6 54. g4 Kg7 55. Kg5 Kf7 56. Kh6 Kf6 57. g5+ Kf7 58. Kh7 1-0

[Event "East Detroit (MCO/1/10)"]
[Site "?"]
[Date "1985.??.??"]
[Round "?"]
[White "Jamilla, O.."]
[Black "Arganian, David G"]
[Result "0-1"]
[WhiteElo "1605"]
[BlackElo "2110"]
[PlyCount "178"]
[EventDate "1985.??.??"]

{1/(10)} 1. e4 c5 2. Nf3 d6 3. d4 cxd4 4. Nxd4 Nf6 5. Nc3 Nc6 6. Bg5 Bd7 7.
Ncb5 Nxd4 8. Qxd4 a6 9. Bxf6 gxf6 10. Nc3 Rc8 11. Be2 Bg7 12. f4 Qa5 13. O-O
Qc5 14. Qxc5 Rxc5 15. f5 Bh6 16. Rf3 Bc6 17. Rd1 Kd7 18. b4 Re5 19. Bd3 b5 20.
Kf1 Kc7 21. h4 Rg8 22. Kf2 Rg4 23. g3 Rg8 24. Ke2 a5 25. Rb1 axb4 26. Rxb4 Kb6
27. Kd1 Kc5 28. a3 Kb6 29. Nd5+ Bxd5 30. Rxb5+ Kc6 31. Rxd5 Rxd5 32. exd5+ Kxd5
33. a4 Rg4 34. a5 Ra4 35. a6 Kc5 36. Ke2 Kb6 37. Rf1 Rb4 38. Ra1 Ka7 39. Ra3 e5
40. Rb3 Rxb3 41. cxb3 d5 42. Kf2 Bf8 43. g4 Bc5+ 44. Ke1 h6 45. Kd1 Bf2 46. h5
Kb6 47. b4 Kc6 48. Bf1 e4 49. Kc2 Kd6 50. Kb3 Ba7 51. Ka4 d4 52. Bc4 d3 53. Ka5
Kc6 54. Ka4 Bb6 55. Kb3 Kd6 56. Kc3 Ke5 57. Bxf7 Kf4 58. Bd5 Ke5 59. Bc4 Kf4
60. Bd5 Ke5 61. Be6 Bf2 62. Bc4 Bd4+ 63. Kd2 Kd6 64. Bxd3 exd3 65. Kxd3 Ba7 66.
Kc4 Ke5 67. b5 Bb6 68. Kd3 Kd5 69. Kc3 Kc5 70. g5 fxg5 71. f6 Kd6 72. Kc4 g4
73. f7 Ke7 74. Kd5 g3 75. Kc6 Be3 76. b6 Bxb6 77. Kxb6 g2 78. a7 g1=Q+ 79. Kb7
Qb1+ 80. Ka8 Qe4+ 81. Kb8 Kxf7 82. a8=Q Qxa8+ 83. Kxa8 Kf6 84. Kb7 Kg5 85. Kc6
Kxh5 86. Kd5 Kg4 87. Ke4 h5 88. Ke3 Kg3 89. Ke2 Kg2 0-1

[Event "East Detroit (MCO/3/38)"]
[Site "?"]
[Date "1985.??.??"]
[Round "?"]
[White "Iverson, B.."]
[Black "Forte, Joe"]
[Result "1-0"]
[WhiteElo "1635"]
[BlackElo "2035"]
[PlyCount "101"]
[EventDate "1985.??.??"]

{3/(38)} 1. d4 Nf6 2. Bg5 d6 3. Bxf6 exf6 4. e3 Nc6 5. c4 Be7 6. Nc3 f5 7. g3
Bd7 8. Bg2 h5 9. Nd5 h4 10. Nxe7 Qxe7 11. Qd2 hxg3 12. fxg3 g5 13. O-O-O O-O-O
14. Re1 f6 15. Ne2 Qf7 16. b3 Rh7 17. Nc3 Kb8 18. Bd5 Qf8 19. Rhf1 Ne7 20. Rf2
Nxd5 21. Nxd5 c6 22. Nc3 Bc8 23. d5 Re8 24. dxc6 bxc6 25. Rfe2 Re5 26. Rd1 Rd7
27. h4 d5 28. cxd5 cxd5 29. h5 Rc7 30. Kb2 Bb7 31. Rh2 Rd7 32. h6 Rde7 33. Qd4
Rh7 34. Rc1 Qd8 35. Nb5 Ba6 36. Qc5 Bxb5 37. Qxb5+ Qb6 38. Qc6 Qxc6 39. Rxc6
Ree7 40. Rc3 Re4 41. Kc2 f4 42. gxf4 gxf4 43. exf4 Rxf4 44. Rg3 Re4 45. Rg7 Rh8
46. h7 Ree8 47. Rgg2 Rc8+ 48. Kd3 a6 49. Kd4 a5 50. Kxd5 Rcd8+ 51. Ke6 1-0

[Event "East Detroit (MCO/5/38)"]
[Site "?"]
[Date "1985.??.??"]
[Round "?"]
[White "Iverson, B.."]
[Black "Fletcher, G.."]
[Result "1-0"]
[WhiteElo "1635"]
[BlackElo "1605"]
[PlyCount "103"]
[EventDate "1985.??.??"]

{5/(38)} 1. d4 Nf6 2. Bg5 d5 3. Bxf6 exf6 4. e3 Bb4+ 5. c3 Bd6 6. Bd3 Nc6 7.
Nd2 O-O 8. Qc2 h6 9. O-O-O a5 10. e4 Be6 11. exd5 Bxd5 12. f3 a4 13. Bc4 Bxc4
14. Nxc4 a3 15. b3 Bf4+ 16. Kb1 b5 17. Nd2 b4 18. Ne2 bxc3 19. Qxc3 Bxd2 20.
Rxd2 Qd5 21. Nc1 Rfb8 22. Re1 Kf8 23. Ka1 Nb4 24. Qc5+ Qd6 25. Qxd6+ cxd6 26.
Kb1 Rc8 27. Nd3 Nxd3 28. Rxd3 Ra7 29. Rc1 Rxc1+ 30. Kxc1 Rc7+ 31. Kd2 Ke8 32.
Rc3 Rb7 33. Rc4 Ra7 34. Ra4 Rxa4 35. bxa4 Kd7 36. Kc3 Kc6 37. Kc4 d5+ 38. Kb4
Kb6 39. a5+ Ka6 40. Kc5 Kxa5 41. Kxd5 Kb4 42. Kc6 Kc3 43. d5 Kb2 44. d6 Kxa2
45. d7 Kb1 46. d8=Q a2 47. Qb6+ Kc1 48. Qa5 Kb1 49. Qb4+ Kc1 50. Qa3+ Kb1 51.
Qb3+ Ka1 52. Kb5 1-0

[Event "East Detroit (MCO/6/24)"]
[Site "?"]
[Date "1985.??.??"]
[Round "?"]
[White "Iverson, B.."]
[Black "Burg, Dan"]
[Result "0-1"]
[WhiteElo "1635"]
[BlackElo "1850"]
[PlyCount "98"]
[EventDate "1985.??.??"]

{6/(24)} 1. d4 f5 2. c4 Nf6 3. Nc3 g6 4. g3 Bg7 5. Bg2 O-O 6. e3 d6 7. Nf3 Nbd7
8. O-O e5 9. dxe5 dxe5 10. Ng5 Nb6 11. c5 h6 12. cxb6 hxg5 13. Qxd8 Rxd8 14.
bxc7 Rd7 15. b3 Rxc7 16. Bb2 e4 17. Rfd1 Bd7 18. Nd5 Nxd5 19. Bxg7 Nxe3 20.
fxe3 Kxg7 21. Bf1 Be6 22. Rd6 Kf7 23. Bc4 Bxc4 24. bxc4 Rxc4 25. Rd7+ Kf6 26.
Rxb7 Rc2 27. Rd7 Rh8 28. Rad1 g4 29. R1d2 Rc3 30. Re2 Ra3 31. Kf1 Rc8 32. Rdd2
Rd3 33. Kf2 Rcd8 34. Rc2 Rd1 35. Re1 Rxe1 36. Kxe1 Rd3 37. Re2 Ra3 38. Rd2 Ke5
39. Kf2 g5 40. Ke2 a6 41. Kf2 Rd3 42. Ke2 Rxd2+ 43. Kxd2 f4 44. exf4+ gxf4 45.
gxf4+ Kxf4 46. Ke2 e3 47. a3 Ke4 48. a4 a5 49. Kf1 Kf3 0-1

[Event "East Detroit (MCO/2/10)"]
[Site "?"]
[Date "1985.??.??"]
[Round "?"]
[White "Ifill, Don"]
[Black "Thomas, C.."]
[Result "0-1"]
[WhiteElo "1810"]
[BlackElo "2075"]
[PlyCount "76"]
[EventDate "1985.??.??"]

{2/(10)} 1. g3 e5 2. Bg2 d5 3. d3 Nc6 4. Nd2 Nf6 5. e3 Be7 6. Ne2 Be6 7. b3 Qd7
8. h3 O-O 9. Bb2 Rfe8 10. Nf3 Bd6 11. Ng5 Bf5 12. e4 Bg6 13. exd5 Nb4 14. Nc3
h6 15. Nge4 Nfxd5 16. Nxd6 Qxd6 17. Ne4 Qb6 18. O-O f5 19. a3 Nc6 20. Nd2 Rad8
21. Nc4 Qc5 22. Re1 e4 23. d4 Qf8 24. Ne3 f4 25. c4 fxe3 26. fxe3 Nf6 27. Rf1
Qd6 28. Kh2 Nh5 29. Qe1 Rf8 30. c5 Qd5 31. Qd1 Rxf1 32. Bxf1 Qg5 33. Bc4+ Kh8
34. Qg1 Ne5 35. Qf2 Nf3+ 36. Kg2 Rf8 37. g4 Nh4+ 38. Qxh4 Qxh4 0-1